000 01080nam a2200277Ia 4500
001 u22503
003 SIRSI
005 20180219123732.0
007 he|amb|||bacu
008 010319s1991 ua a bb 000 0 eng d
039 9 _a200301181359
_bsaid
_y200203190954
_zload
040 _aEAL
090 _aThesis
_bS-2748
100 1 _aAbdel-All, Ahmed Hassan Mahmoud.
245 1 4 _aThe effect of soil and foliar application of nitrogen phosphorus and potassium on some vegetative and fruiting characteristics in white banaty seedless grapevines
_h[microform] /
_cAhmed Hassan Mahmoud Abdel-All.
260 _c1991.
300 _a147, 4 leaves :
_bill. ;
_c30 cm.
502 _aThesis (M.S.)-- Minia University, 1991.
504 _aIncludes bibliographical references (leaves 139-147).
533 _aMicrofiche.
_bASUNET,
_cAin Shams University,
_e3 microfiches : negative.
546 _aSummary in Arabic.
596 _a1
650 0 _aGrapes
_xFertilizers.
650 0 _aNitrogen fertilizers
_xEffect of potassium on.
942 _cMIC
_2lcc
999 _c2995
_d2995